El Derecho de acceso de los ciudadanos a los archivos y registros administrativos
Descripción Física:
292 p. ; 21 cm
MARC
| LEADER | 00000nam a2200000Ia 4500 | ||
|---|---|---|---|
| 001 | 9302 | ||
| 008 | 160829s1989 xx 000 0 cat d | ||
| 080 | |a A-1-336 | ||
| 100 | |a Pomed Sánchez, Luis Alberto |9 28335 | ||
| 245 | |a El Derecho de acceso de los ciudadanos a los archivos y registros administrativos | ||
| 260 | |a Madrid : |b Instituto Nacional de Administración Pública, |c 1989 | ||
| 300 | |a 292 p. ; |c 21 cm | ||
| 490 | |a Colección Estudios. Serie Administración General | ||
| 650 | |a Arxius |x Espanya |x Reglaments i procediment |9 28336 | ||
| 650 | |a Registres públics |x Espanya |x Reglaments i procediments |9 28337 | ||
| 710 | |a Instituto Nacional de Administración Pública (Espanya) |9 17952 | ||
| 901 | |a Arxiu | ||
| 942 | |n 1 | ||
| 952 | |0 0 |1 0 |4 0 |6 A1336 |7 1 |9 44783 |a Arxiu |b Arxiu |d 2016-12-01 |l 0 |o A-1-336 |p 9302 |r 2016-12-01 00:00:00 |w 2016-12-01 |y ARXIU | ||
| 999 | |c 47366 |d 47366 | ||